000
00196 a2200097 4500
001
11111
100
_a
Noman
245
_a
Our Strugle
260
_a
_b
Pakistan Publisation
_c
090
_c
8666
_d
8666
942
_a
NUST-CAE
_c
_c
35451
999
_c
246184
_d
246184